[Event "CRO Cup"]
[Site "Mali Losinj"]
[Date "2025.05.17"]
[Round "5.1"]
[White "Trbojevic, Mladen"]
[Black "Bosiocic, Marin"]
[Result "0-1"]
[WhiteElo "2360"]
[BlackElo "2511"]
[PlyCount "82"]
[EventDate "2025.05.14"]
[EventType "team-tourn"]
[EventRounds "6"]
[EventCountry "CRO"]
[SourceTitle "CB21_2025"]
[SourceDate "2025.05.21"]
[SourceVersion "1"]
[SourceVersionDate "2025.05.21"]
[SourceQuality "1"]
[WhiteTeam "Strigova Stridon"]
[BlackTeam "Zagreb Agroproteinka"]
[WhiteTeamCountry "CRO"]
[BlackTeamCountry "CRO"]

1. d4 d6 2. Nf3 Nf6 3. Nc3 Bf5 4. Nh4 Bd7 5. e4 Nc6 6. d5 Nb8 7. Bg5 g6 8. Qd2 Bg7 9. Be2 0-0 10. 0-0 b5 11. a3 c5 12. Qe3 Qb6 13. a4 b4 14. Nb1 c4 15. Qf4 c3 16. bxc3 Na6 17. Nd2 bxc3 18. Nc4 Qc5 19. Ne3 Nb4 20. Rfd1 a5 21. Bf3 e5 22. dxe6 fxe6 23. e5 dxe5 24. Qc4 Qxc4 25. Nxc4 Nfd5 26. Be4 Rfc8 27. Nd6 Rc6 28. Nb5 Rc4 29. f3 Bc6 30. g3 Nb6 31. Nd6 Rd4 32. Bxc6 Nxc6 33. Nb5 Rxd1+ 34. Rxd1 Nd5 35. Ng2 Nd4 36. Nxd4 exd4 37. Rb1 d3 38. cxd3 c2 39. Rf1 Rc8 40. Kf2 Nb4 41. Ke2 Na2 0-1

[Event "CRO Cup"]
[Site "Mali Losinj"]
[Date "2025.05.15"]
[Round "2.1"]
[White "Saric, Ivan"]
[Black "Trbojevic, Mladen"]
[Result "1-0"]
[WhiteElo "2663"]
[BlackElo "2360"]
[PlyCount "93"]
[EventDate "2025.05.14"]
[EventType "team-tourn"]
[EventRounds "6"]
[EventCountry "CRO"]
[SourceTitle "CB21_2025"]
[SourceDate "2025.05.21"]
[SourceVersion "1"]
[SourceVersionDate "2025.05.21"]
[SourceQuality "1"]
[WhiteTeam "Split Mornar"]
[BlackTeam "Strigova Stridon"]
[WhiteTeamCountry "CRO"]
[BlackTeamCountry "CRO"]

1. e4 e5 2. Nf3 Nc6 3. Bb5 a6 4. Ba4 d6 5. 0-0 Bg4 6. h3 h5 7. c4 Bd7 8. d4 Nxd4 9. Bxd7+ Qxd7 10. Nxd4 exd4 11. Qxd4 Ne7 12. Nc3 Nc6 13. Qe3 Be7 14. Nd5 0-0 15. b3 Rae8 16. Bb2 Bd8 17. Qg3 f6 18. Rae1 Kh7 19. f4 g6 20. b4 b5 21. cxb5 axb5 22. Qf3 Qf7 23. Qd3 Nb8 24. e5 f5 25. Qxb5 Bh4 26. Nf6+ Bxf6 27. exf6 Nd7 28. Qc6 Nb6 29. a4 Nc4 30. Re7 Rxe7 31. fxe7 Re8 32. Bf6 Ne3 33. Re1 Qd5 34. b5 Qxc6 35. bxc6 Nd5 36. Bg5 Kg7 37. Rd1 Nb4 38. Rb1 Nxc6 39. Rc1 Nd4 40. Rxc7 Kf7 41. Rd7 Ne6 42. Rd8 Rxe7 43. Bxe7 Kxe7 44. Rb8 Kd7 45. a5 Kc7 46. Rb1 Nc5 47. Kf2 1-0

[Event "CRO-chT1A 32nd"]
[Site "Veli Losinj"]
[Date "2024.10.12"]
[Round "8.3"]
[White "Trbojevic, Mladen"]
[Black "Christiansen, Johan Sebastian"]
[Result "0-1"]
[WhiteElo "2332"]
[BlackElo "2650"]
[PlyCount "72"]
[EventDate "2024.10.05"]
[EventType "team-tourn"]
[EventRounds "9"]
[EventCountry "CRO"]
[SourceTitle "CB47_2024"]
[SourceDate "2024.11.20"]
[SourceVersion "1"]
[SourceVersionDate "2024.11.20"]
[SourceQuality "1"]
[WhiteTeam "Strigova Stridon"]
[BlackTeam "Split Mornar"]
[WhiteTeamCountry "CRO"]
[BlackTeamCountry "CRO"]

1. e4 e6 2. d4 d5 3. Nc3 Nf6 4. e5 Nfd7 5. f4 c5 6. Nf3 Nc6 7. Be3 Be7 8. Qd2 0-0 9. Be2 b6 10. 0-0 f6 11. dxc5 Nxc5 12. exf6 Bxf6 13. Nd4 Bd7 14. Rae1 Kh8 15. Bg4 Re8 16. Bf3 Na5 17. b3 Rc8 18. Ndb5 Nab7 19. Bd4 Bxd4+ 20. Nxd4 Nd6 21. Re3 b5 22. a3 a5 23. Rfe1 Qf6 24. Nce2 Ra8 25. Ng3 g6 26. R3e2 Rf8 27. c3 a4 28. b4 Nb3 29. Qd1 Nxd4 30. cxd4 Qxf4 31. Rf2 Rac8 32. Nf1 Ne4 33. Rb2 Ng5 34. Re3 Rc4 35. Rd2 Rfc8 36. Kf2 Ne4+ 0-1

[Event "CRO-chT1A 32nd"]
[Site "Veli Losinj"]
[Date "2024.10.11"]
[Round "7.3"]
[White "Rezan, Sasa"]
[Black "Trbojevic, Mladen"]
[Result "1-0"]
[WhiteElo "2389"]
[BlackElo "2332"]
[PlyCount "67"]
[EventDate "2024.10.05"]
[EventType "team-tourn"]
[EventRounds "9"]
[EventCountry "CRO"]
[SourceTitle "CB47_2024"]
[SourceDate "2024.11.20"]
[SourceVersion "1"]
[SourceVersionDate "2024.11.20"]
[SourceQuality "1"]
[WhiteTeam "Bibinje Goran"]
[BlackTeam "Strigova Stridon"]
[WhiteTeamCountry "CRO"]
[BlackTeamCountry "CRO"]

1. d4 d5 2. c4 c6 3. Nf3 Nf6 4. Nc3 dxc4 5. e4 b5 6. Be2 e6 7. 0-0 Bb7 8. b3 b4 9. e5 Nd5 10. Nxd5 cxd5 11. bxc4 dxc4 12. Bxc4 Be7 13. Be3 0-0 14. Nd2 Nd7 15. Qg4 Kh8 16. Qh3 Rc8 17. Bd3 g6 18. Be4 Ba6 19. Rfe1 Rc3 20. Nf3 Bd3 21. Bd2 Bxe4 22. Rxe4 Rd3 23. Bh6 Re8 24. Rae1 Qa5 25. Qg4 Qxa2 26. Bg5 Bf8 27. Rf4 Kg8 28. Qh4 Bg7 29. Bh6 Bxh6 30. Qxh6 Nf8 31. h4 Re7 32. h5 Re8 33. hxg6 fxg6 34. Ng5 1-0

[Event "CRO-chT1A 32nd"]
[Site "Veli Losinj"]
[Date "2024.10.09"]
[Round "5.3"]
[White "Trbojevic, Mladen"]
[Black "Livaic, Leon"]
[Result "0-1"]
[WhiteElo "2332"]
[BlackElo "2557"]
[PlyCount "90"]
[EventDate "2024.10.05"]
[EventType "team-tourn"]
[EventRounds "9"]
[EventCountry "CRO"]
[SourceTitle "CB47_2024"]
[SourceDate "2024.11.20"]
[SourceVersion "1"]
[SourceVersionDate "2024.11.20"]
[SourceQuality "1"]
[WhiteTeam "Strigova Stridon"]
[BlackTeam "Kastel Novi"]
[WhiteTeamCountry "CRO"]
[BlackTeamCountry "CRO"]

1. e4 d6 2. d4 Nf6 3. Nc3 e5 4. Nf3 Nbd7 5. Rg1 g6 6. g4 exd4 7. Nxd4 Bg7 8. Be3 0-0 9. g5 Ne8 10. Qd2 c5 11. Nb3 Qe7 12. 0-0-0 a5 13. a4 Nb6 14. Bb5 Bd7 15. Bxd7 Nxd7 16. Bf4 Ra6 17. Rge1 Qe6 18. Nd5 Nb6 19. e5 Nxd5 20. Qxd5 Qg4 21. Qd2 dxe5 22. Bxe5 Bxe5 23. Rxe5 Rd6 24. Rd5 Rxd5 25. Qxd5 b6 26. Qe5 Ng7 27. f4 Ne6 28. Rf1 Qg2 29. Re1 Qxh2 30. f5 Qxe5 31. Rxe5 gxf5 32. Rxf5 Kg7 33. Nd2 Kg6 34. Rf3 Nxg5 35. Rb3 Rb8 36. Nc4 h5 37. Kd2 h4 38. Ke2 h3 39. Kf2 f6 40. Kg1 Re8 41. Nxb6 Re1+ 42. Kh2 Re2+ 43. Kh1 Rf2 44. Kg1 h2+ 45. Kh1 Nf3 0-1

[Event "CRO Cup"]
[Site "Mali Losinj"]
[Date "2024.05.11"]
[Round "5.9"]
[White "Fercec, Nenad"]
[Black "Trbojevic, Mladen"]
[Result "1-0"]
[WhiteElo "2411"]
[BlackElo "2325"]
[PlyCount "53"]
[EventDate "2024.05.08"]
[EventType "team-swiss"]
[EventRounds "6"]
[EventCountry "CRO"]
[SourceTitle "CBM 220 Extra"]
[Source "ChessBase"]
[SourceDate "2024.07.31"]
[SourceVersion "1"]
[SourceVersionDate "2024.07.31"]
[SourceQuality "1"]
[WhiteTeam "Pula"]
[BlackTeam "Strigova Stridon"]
[WhiteTeamCountry "CRO"]
[BlackTeamCountry "CRO"]

1. e4 e5 2. Nf3 Nc6 3. Bb5 a6 4. Ba4 Nf6 5. d3 b5 6. Bb3 Bc5 7. Nc3 d6 8. Nd5 h6 9. Nxf6+ Qxf6 10. Bd5 Bd7 11. c3 0-0 12. Rg1 Rae8 13. g4 Qd8 14. g5 Kh8 15. gxh6 g6 16. Bg5 f6 17. Bd2 Ne7 18. Nh4 g5 19. Qh5 gxh4 20. Bf7 Qc8 21. h7 Bg4 22. Rxg4 Qxg4 23. Qxg4 Rxf7 24. Qe6 Rff8 25. Bh6 Nc8 26. Qg4 Rf7 27. Qg6 1-0

[Event "HUN-chT1 Charousek 2324"]
[Site "Hungary"]
[Date "2024.04.07"]
[Round "9.3"]
[White "Trbojevic, Mladen"]
[Black "Martini, Balazs"]
[Result "0-1"]
[WhiteElo "2337"]
[BlackElo "2341"]
[PlyCount "106"]
[EventDate "2023.10.08"]
[EventType "team-tourn"]
[EventRounds "11"]
[EventCountry "HUN"]
[SourceTitle "EXT 2025"]
[Source "ChessBase"]
[SourceDate "2024.10.14"]
[SourceVersion "1"]
[SourceVersionDate "2024.10.14"]
[SourceQuality "1"]
[WhiteTeam "Haladas Szombathely II"]
[BlackTeam "Ajka Sentimento"]
[WhiteTeamCountry "HUN"]
[BlackTeamCountry "HUN"]

1. e4 c5 2. Nf3 Nc6 3. c3 d6 4. d4 Nf6 5. d5 Nb8 6. Bd3 g6 7. c4 Bg7 8. Nc3 0-0 9. 0-0 e5 10. dxe6 fxe6 11. e5 dxe5 12. Nxe5 Nh5 13. Nf3 Nc6 14. Bg5 Qc7 15. Nb5 Qd7 16. Be4 a6 17. Nc3 Qc7 18. Qd2 Nd4 19. Nxd4 cxd4 20. Ne2 Nf6 21. Bxf6 Bxf6 22. Rac1 Bd7 23. Nxd4 Qe5 24. Nf3 Qxe4 25. Qxd7 Rad8 26. Qc7 Rc8 27. Qb6 Rxc4 28. Nd2 Rb4 29. Qd6 Qf4 30. Qxe6+ Kg7 31. Nc4 b5 32. Ne3 Rxb2 33. Nd5 Qe5 34. Rc7+ Kh8 35. Qd7 Bg7 36. Ne3 Rxa2 37. g3 Ra1 38. Rxa1 Qxa1+ 39. Kg2 Qe5 40. Ra7 Qb2 41. Nd1 Qf6 42. Qb7 Qd4 43. Ne3 h5 44. h4 b4 45. Ra8 Rxa8 46. Qxa8+ Kh7 47. Qb7 a5 48. Qb5 Qe4+ 49. Kh2 Qe6 50. Nd5 Qf5 51. Kg2 a4 52. Qb7 b3 53. Ne7 Qe6 0-1

[Event "CRO-chT1B 31st"]
[Site "Veli Losinj"]
[Date "2023.10.19"]
[Round "9.4"]
[White "Trbojevic, Mladen"]
[Black "Tukovic, Dario"]
[Result "0-1"]
[WhiteElo "2334"]
[BlackElo "2104"]
[PlyCount "146"]
[EventDate "2023.10.11"]
[EventType "team-tourn"]
[EventRounds "9"]
[EventCountry "CRO"]
[SourceTitle "EXT 2025"]
[Source "ChessBase"]
[SourceDate "2024.10.14"]
[SourceVersion "1"]
[SourceVersionDate "2024.10.14"]
[SourceQuality "1"]
[WhiteTeam "Strigova Stridon"]
[BlackTeam "Slavonski Brod Djakovic"]
[WhiteTeamCountry "CRO"]
[BlackTeamCountry "CRO"]

1. d4 d5 2. Bf4 Nf6 3. e3 Bf5 4. c4 e6 5. Nc3 Bd6 6. Bg5 c6 7. cxd5 cxd5 8. Qb3 Qb6 9. Qxb6 axb6 10. Bb5+ Ke7 11. Nge2 Ra5 12. f3 h6 13. Bh4 Rc8 14. a4 g5 15. Bg3 Bg6 16. Bxd6+ Kxd6 17. 0-0 Ke7 18. Rae1 Nc6 19. e4 Nb4 20. e5 Ne8 21. Rd1 Ng7 22. Rc1 Raa8 23. Rfd1 Nf5 24. Kf2 Kf8 25. Ng3 Ne7 26. Nf1 Nec6 27. Ne3 Na5 28. Re1 Nb3 29. Rcd1 Nc2 30. Nxc2 Bxc2 31. Ke2 Bxd1+ 32. Rxd1 Na5 33. Kd3 Nc4 34. Rb1 Rc7 35. Bxc4 Rxc4 36. b3 Rc6 37. Rb2 f6 38. exf6 Kf7 39. Ne2 Kxf6 40. Rd2 Rac8 41. Rb2 Ke7 42. Kd2 Kd6 43. Kd3 Kc7 44. Nc3 Kd7 45. Ne2 R8c7 46. Kd2 Kc8 47. f4 Kb8 48. h3 Kc8 49. Kd3 Kd8 50. Kd2 Ke8 51. Kd3 Kf8 52. Rb1 Kg7 53. Rf1 Rf7 54. g3 Kg6 55. Re1 Rfc7 56. Rf1 Rc2 57. fxg5 hxg5 58. h4 Rb2 59. hxg5 Rxb3+ 60. Kd2 Kxg5 61. Nf4 Rc6 62. Re1 Kf6 63. g4 Ra3 64. Nh5+ Kg5 65. Ng7 Rxa4 66. Nxe6+ Kxg4 67. Re5 b5 68. Kd3 Ra3+ 69. Kd2 Ra2+ 70. Kd3 b4 71. Nc5 b3 72. Re6 Rxe6 73. Nxe6 Ra7 0-1

[Event "HUN-chT1 Charousek 2223"]
[Site "Hungary"]
[Date "2023.03.12"]
[Round "7.2"]
[White "Takacs, Balazs"]
[Black "Trbojevic, Mladen"]
[Result "0-1"]
[WhiteElo "2339"]
[BlackElo "2331"]
[PlyCount "54"]
[EventDate "2022.11.20"]
[EventType "team-tourn"]
[EventRounds "9"]
[EventCountry "HUN"]
[SourceTitle "EXT 2025"]
[Source "ChessBase"]
[SourceDate "2024.10.14"]
[SourceVersion "1"]
[SourceVersionDate "2024.10.14"]
[SourceQuality "1"]
[WhiteTeam "Szentgotthard Alsoszolnok"]
[BlackTeam "Haladas II"]
[WhiteTeamCountry "HUN"]
[BlackTeamCountry "HUN"]

1. e4 d6 2. Nc3 Nf6 3. d4 g6 4. Be3 c6 5. Qd2 Nbd7 6. 0-0-0 b5 7. e5 b4 8. exf6 bxc3 9. Qxc3 Nxf6 10. Qxc6+ Bd7 11. Qa6 Bg7 12. c4 Qc7 13. Kb1 0-0 14. Bd3 Rab8 15. Ne2 Ng4 16. h3 Nxe3 17. fxe3 e5 18. Qa3 exd4 19. exd4 Rfe8 20. Qc3 Qb6 21. Rhe1 Re3 22. b3 Rbe8 23. Nc1 Rxe1 24. Rxe1 Rxe1 25. Qxe1 Qxd4 26. Qd2 Bc6 27. g3 Bf3 0-1

[Event "SLO-chT 32nd"]
[Site "Ljubljana"]
[Date "2022.10.28"]
[Round "7.3"]
[White "Amon, Nejc"]
[Black "Trbojevic, Mladen"]
[Result "0-1"]
[WhiteElo "2325"]
[BlackElo "2332"]
[PlyCount "80"]
[EventDate "2022.09.02"]
[EventType "team-tourn"]
[EventRounds "9"]
[EventCountry "SLO"]
[SourceTitle "EXT 2024"]
[Source "ChessBase"]
[SourceDate "2023.10.10"]
[SourceVersion "1"]
[SourceVersionDate "2023.10.10"]
[SourceQuality "1"]
[WhiteTeam "Zalec"]
[BlackTeam "Maribor Branik"]
[WhiteTeamCountry "SVK"]
[BlackTeamCountry "SLO"]

1. e4 Nc6 2. Nf3 d6 3. d4 Nf6 4. Nc3 g6 5. Bg5 Bg7 6. Qd2 h6 7. Bf4 Bg4 8. Be2 Bxf3 9. Bxf3 e5 10. dxe5 dxe5 11. Qxd8+ Rxd8 12. Be3 Nd4 13. 0-0-0 0-0 14. Rd2 Nxf3 15. Rxd8 Rxd8 16. gxf3 a6 17. Rd1 Rxd1+ 18. Nxd1 Bf8 19. c4 Nd7 20. Kc2 f5 21. exf5 gxf5 22. a3 Kf7 23. b4 Ke6 24. Nc3 c6 25. Na4 h5 26. Kc3 Be7 27. Nb2 Bf6 28. Kc2 Be7 29. Na4 a5 30. Kb3 axb4 31. axb4 f4 32. Ba7 Kf5 33. b5 e4 34. fxe4+ Kxe4 35. Kc2 Kf3 36. Nb2 Bc5 37. bxc6 bxc6 38. Bxc5 Nxc5 39. Kc3 Kxf2 40. Kd4 Ke2 0-1

[Event "SLO-chT 32nd"]
[Site "Ljubljana"]
[Date "2022.09.11"]
[Round "6.3"]
[White "Trbojevic, Mladen"]
[Black "Stajner, Samo"]
[Result "1-0"]
[WhiteElo "2332"]
[BlackElo "2364"]
[PlyCount "127"]
[EventDate "2022.09.02"]
[EventType "team-tourn"]
[EventRounds "9"]
[EventCountry "SLO"]
[SourceTitle "EXT 2023"]
[Source "ChessBase"]
[SourceDate "2022.10.05"]
[SourceVersion "1"]
[SourceVersionDate "2022.10.05"]
[SourceQuality "1"]
[WhiteTeam "Maribor Branik"]
[BlackTeam "Krsko Triglav"]
[WhiteTeamCountry "SLO"]
[BlackTeamCountry "SLO"]

1. d4 Nf6 2. Nf3 c5 3. d5 e6 4. Nc3 exd5 5. Nxd5 Nxd5 6. Qxd5 Be7 7. Bf4 Qa5+ 8. c3 0-0 9. Bd6 Nc6 10. e3 Bxd6 11. Qxd6 b6 12. Bc4 Ba6 13. Bxa6 Qxa6 14. Qxd7 Na5 15. Qd1 Rad8 16. Qe2 b5 17. 0-0 Rd6 18. Rad1 Rfd8 19. a4 c4 20. axb5 Qxb5 21. Nd4 Qc5 22. Ra1 Rb8 23. Ra2 Rdb6 24. h3 g6 25. Rd1 R8b7 26. e4 Re7 27. Ra4 f5 28. Rda1 Rxe4 29. Qf1 Nb3 30. Rxc4 Qe7 31. Nxb3 Rxb3 32. Rxe4 Qxe4 33. Rxa7 Rxb2 34. Ra1 Qe2 35. Qxe2 Rxe2 36. Rc1 Kf7 37. g3 Ke6 38. Kg2 Kd5 39. Kf3 Re7 40. Kf4 Kc4 41. h4 Re4+ 42. Kf3 Re6 43. h5 g5 44. Ra1 Rh6 45. Ra5 Rxh5 46. Rxf5 h6 47. Ke4 Rh1 48. Rf3 Rh2 49. Kf5 Kb3 50. Kg6 g4 51. Rf4 h5 52. c4 Kb4 53. Kg5 Kc5 54. Re4 Kb4 55. Kg6 Rh1 56. Re5 h4 57. Kg5 hxg3 58. fxg3 Kxc4 59. Kxg4 Kd4 60. Ra5 Rh8 61. Kf4 Rh1 62. g4 Rf1+ 63. Kg5 Rf8 64. Kh6 1-0

[Event "SLO-chT 32nd"]
[Site "Ljubljana"]
[Date "2022.09.03"]
[Round "2.1"]
[White "Trbojevic, Mladen"]
[Black "Markus, Robert"]
[Result "0-1"]
[WhiteElo "2332"]
[BlackElo "2615"]
[PlyCount "72"]
[EventDate "2022.09.02"]
[EventType "team-tourn"]
[EventRounds "9"]
[EventCountry "SLO"]
[SourceTitle "EXT 2023"]
[Source "ChessBase"]
[SourceDate "2022.10.05"]
[SourceVersion "1"]
[SourceVersionDate "2022.10.05"]
[SourceQuality "1"]
[WhiteTeam "Maribor Branik"]
[BlackTeam "Ljubljana Tajfun"]
[WhiteTeamCountry "SLO"]
[BlackTeamCountry "SVK"]

1. e4 d6 2. d4 Nf6 3. Nc3 e5 4. Nf3 Nbd7 5. Rg1 g6 6. g4 Bg7 7. g5 Nh5 8. Be3 0-0 9. Qd2 c6 10. 0-0-0 Qa5 11. Kb1 Nb6 12. Qe1 Be6 13. dxe5 dxe5 14. Nd2 Na4 15. Nxa4 Qxa4 16. b3 Qb4 17. Bc4 Nf4 18. Bxe6 Nxe6 19. Nc4 Qe7 20. Rd3 b5 21. Na5 Qc7 22. Qc3 Nd4 23. Rgd1 c5 24. b4 c4 25. R3d2 Rad8 26. Kc1 Rd7 27. Qa3 Rfd8 28. c3 Ne2+ 29. Kc2 Rxd2+ 30. Rxd2 Rxd2+ 31. Kxd2 Nf4 32. Qc1 Qd7+ 33. Kc2 Qd3+ 34. Kb2 Qxe4 35. Qf1 Nd3+ 36. Ka3 Qf3 0-1

[Event "CRO Topla Voda Cup"]
[Site "Tuhovec"]
[Date "2022.08.06"]
[Round "8.2"]
[White "Trbojevic, Mladen"]
[Black "Drzaic, Matej"]
[Result "1-0"]
[WhiteElo "2235"]
[BlackElo "1418"]
[PlyCount "81"]
[EventDate "2022.08.06"]
[EventType "team-tourn (blitz)"]
[EventRounds "11"]
[EventCountry "CRO"]
[SourceTitle "CBM 209 Extra"]
[Source "ChessBase"]
[SourceDate "2022.09.30"]
[SourceVersion "1"]
[SourceVersionDate "2022.09.30"]
[SourceQuality "1"]
[WhiteTeam "Strigova Stridon"]
[BlackTeam "Ivanec"]
[WhiteTeamCountry "CRO"]
[BlackTeamCountry "CRO"]

1. e4 c5 2. c3 Nf6 3. e5 Nd5 4. Nf3 d6 5. exd6 Qxd6 6. d4 cxd4 7. Nxd4 e6 8. Be2 Nc6 9. 0-0 Be7 10. Nb5 Qd8 11. c4 Nc7 12. Qxd8+ Bxd8 13. Nd6+ Ke7 14. Nxc8+ Rxc8 15. Be3 Na6 16. Nd2 Bc7 17. Nf3 Rhd8 18. a3 Bd6 19. b4 Ne5 20. c5 Nxf3+ 21. Bxf3 Be5 22. Bxb7 Bxa1 23. Rxa1 Rc7 24. Bxa6 Rcd7 25. Be2 f5 26. c6 Rc7 27. Rc1 h6 28. Bf4 Rdc8 29. Bxc7 Rxc7 30. b5 Kd6 31. a4 e5 32. f3 g5 33. Kf2 e4 34. fxe4 fxe4 35. Ke3 Ke5 36. Rc5+ Kd6 37. Rc1 Ke5 38. a5 Kd5 39. Bg4 Ke5 40. b6 axb6 41. axb6 1-0

[Event "CRO Topla Voda Cup"]
[Site "Tuhovec"]
[Date "2022.08.06"]
[Round "4.3"]
[White "Trbojevic, Mladen"]
[Black "Pandurevic, Miro"]
[Result "1-0"]
[WhiteElo "2235"]
[BlackElo "2278"]
[PlyCount "50"]
[EventDate "2022.08.06"]
[EventType "team-tourn (blitz)"]
[EventRounds "11"]
[EventCountry "CRO"]
[SourceTitle "CBM 209 Extra"]
[Source "ChessBase"]
[SourceDate "2022.09.30"]
[SourceVersion "1"]
[SourceVersionDate "2022.09.30"]
[SourceQuality "1"]
[WhiteTeam "Strigova Stridon"]
[BlackTeam "Zagreb Caissa"]
[WhiteTeamCountry "CRO"]
[BlackTeamCountry "CRO"]

1. d4 Nf6 2. Nf3 d6 3. Nc3 Nbd7 4. e4 e5 5. Bc4 exd4 6. Qxd4 Be7 7. Bxf7+ Kxf7 8. Ng5+ Kg6 9. Ne6 c5 10. Qd3 Qa5 11. e5+ Kf7 12. Ng5+ Ke8 13. exd6 Ne5 14. Qe2 Bxd6 15. Bf4 Bg4 16. f3 h6 17. Bxe5 Bxe5 18. Qxe5+ Kf8 19. Qd6+ Kg8 20. 0-0-0 hxg5 21. fxg4 Rh6 22. Qe6+ Kh8 23. Rhf1 Re8 24. Qf7 Qb4 25. Rxf6 Rxf6 1-0

[Event "HUN-chT1 Charousek 2122"]
[Site "Hungary"]
[Date "2022.04.10"]
[Round "11.1"]
[White "Videki, Sandor"]
[Black "Trbojevic, Mladen"]
[Result "1/2-1/2"]
[WhiteElo "2405"]
[BlackElo "2332"]
[PlyCount "39"]
[EventDate "2021.10.10"]
[EventType "team-tourn"]
[EventRounds "11"]
[EventCountry "HUN"]
[SourceTitle "EXT 2025"]
[Source "ChessBase"]
[SourceDate "2024.10.14"]
[SourceVersion "1"]
[SourceVersionDate "2024.10.14"]
[SourceQuality "1"]
[WhiteTeam "Paks ASE II"]
[BlackTeam "Haladas II"]
[WhiteTeamCountry "HUN"]
[BlackTeamCountry "HUN"]

1. Nf3 d5 2. d4 Nf6 3. c4 c6 4. Qb3 dxc4 5. Qxc4 Bg4 6. Nbd2 Nbd7 7. g3 e6 8. Bg2 Be7 9. 0-0 0-0 10. Qb3 Qb6 11. Nc4 Qa6 12. Bd2 Nb6 13. Rfc1 Nxc4 14. Qxc4 Qb6 15. Bc3 Rfd8 16. a4 a5 17. Ne5 Bh5 18. e3 Nd7 19. Nxd7 Rxd7 20. h3 1/2-1/2

[Event "HUN-chT1 Charousek 2122"]
[Site "Hungary"]
[Date "2022.02.27"]
[Round "9.1"]
[White "Csiszar, Csaba"]
[Black "Trbojevic, Mladen"]
[Result "1/2-1/2"]
[WhiteElo "2392"]
[BlackElo "2344"]
[PlyCount "33"]
[EventDate "2021.10.10"]
[EventType "team-tourn"]
[EventRounds "11"]
[EventCountry "HUN"]
[SourceTitle "EXT 2025"]
[Source "ChessBase"]
[SourceDate "2024.10.14"]
[SourceVersion "1"]
[SourceVersionDate "2024.10.14"]
[SourceQuality "1"]
[WhiteTeam "Komlo Banyasz"]
[BlackTeam "Haladas II"]
[WhiteTeamCountry "HUN"]
[BlackTeamCountry "HUN"]

1. d4 d5 2. Bf4 c5 3. e3 Nc6 4. c3 Qb6 5. Qb3 c4 6. Qc2 e5 7. dxe5 Bf5 8. Qc1 g5 9. Bg3 h5 10. h4 g4 11. Ne2 Bg7 12. Nd4 Nge7 13. Nd2 Bxe5 14. Bxe5 Nxe5 15. Nxf5 Nxf5 16. Qc2 Qf6 17. Qa4+ 1/2-1/2

[Event "HUN-chT 2122"]
[Site "Hungary"]
[Date "2021.12.19"]
[Round "4.6"]
[White "Czebe, Attila"]
[Black "Trbojevic, Mladen"]
[Result "1/2-1/2"]
[WhiteElo "2353"]
[BlackElo "2362"]
[PlyCount "61"]
[EventDate "2021.10.10"]
[EventType "team-tourn"]
[EventRounds "9"]
[EventCountry "HUN"]
[SourceTitle "EXT 2023"]
[Source "ChessBase"]
[SourceDate "2022.10.05"]
[SourceVersion "1"]
[SourceVersionDate "2022.10.05"]
[SourceQuality "1"]
[WhiteTeam "Ajka Sentimento"]
[BlackTeam "Haladas"]
[WhiteTeamCountry "HUN"]
[BlackTeamCountry "HUN"]

1. e4 e5 2. Nf3 Nc6 3. Bb5 a6 4. Ba4 Nf6 5. Nc3 Bc5 6. d3 d6 7. Nd5 Nxd5 8. exd5 b5 9. dxc6 bxa4 10. d4 exd4 11. Nxd4 0-0 12. 0-0 Qf6 13. c3 Qg6 14. Kh1 a3 15. b4 Bxd4 16. Qxd4 Bf5 17. Bxa3 Rfe8 18. Rfe1 Be4 19. f3 Bxc6 20. Qc4 Rxe1+ 21. Rxe1 Re8 22. Rxe8+ Bxe8 23. h3 Qe6 24. Qxc7 Qe1+ 25. Kh2 Qe5+ 26. Kh1 Qe1+ 27. Kh2 Qe5+ 28. Kh1 Qe1+ 29. Kh2 Qe5+ 30. Kh1 Qe1+ 31. Kh2 1/2-1/2

[Event "SLO-chT NML 31st"]
[Site "Ptuj/Grosuplje"]
[Date "2021.10.15"]
[Round "4.3"]
[White "Trbojevic, Mladen"]
[Black "Amon, Nejc"]
[Result "1/2-1/2"]
[WhiteElo "2370"]
[BlackElo "2282"]
[PlyCount "79"]
[EventDate "2021.10.08"]
[EventType "team-tourn"]
[EventRounds "9"]
[EventCountry "SLO"]
[SourceTitle "EXT 2023"]
[Source "ChessBase"]
[SourceDate "2022.10.05"]
[SourceVersion "1"]
[SourceVersionDate "2022.10.05"]
[SourceQuality "1"]
[WhiteTeam "Maribor Branik"]
[BlackTeam "Zalec"]
[WhiteTeamCountry "SLO"]
[BlackTeamCountry "SLO"]

1. e4 c5 2. c3 d5 3. exd5 Qxd5 4. d4 g6 5. Nf3 Bg7 6. Na3 Nf6 7. Bc4 Qd8 8. dxc5 Qxd1+ 9. Kxd1 0-0 10. Re1 Rd8+ 11. Ke2 Bg4 12. Kf1 Bxf3 13. gxf3 e6 14. Be3 Rc8 15. Red1 Bf8 16. Rd2 Nbd7 17. b4 a5 18. Nb5 axb4 19. cxb4 b6 20. Nd6 Bxd6 21. Rxd6 bxc5 22. b5 Ra4 23. Be2 Ne5 24. b6 Ne8 25. Rdd1 c4 26. f4 Nc6 27. Bf3 Nb4 28. a3 Nc2 29. Rac1 Nxe3+ 30. fxe3 Nf6 31. b7 Rb8 32. Rb1 Kg7 33. Rd6 Nd5 34. Bxd5 exd5 35. Rxd5 Rxa3 36. Rc5 Ra7 37. Rc7 c3 38. Ke2 c2 39. Rxc2 Raxb7 40. Rxb7 1/2-1/2

[Event "SLO-chT NML 31st"]
[Site "Ptuj/Grosuplje"]
[Date "2021.10.10"]
[Round "3.4"]
[White "Cigan, Stefan"]
[Black "Trbojevic, Mladen"]
[Result "1-0"]
[WhiteElo "2318"]
[BlackElo "2370"]
[PlyCount "143"]
[EventDate "2021.10.08"]
[EventType "team-tourn"]
[EventRounds "9"]
[EventCountry "SLO"]
[SourceTitle "EXT 2023"]
[Source "ChessBase"]
[SourceDate "2022.10.05"]
[SourceVersion "1"]
[SourceVersionDate "2022.10.05"]
[SourceQuality "1"]
[WhiteTeam "Pomgrad"]
[BlackTeam "Maribor Branik"]
[WhiteTeamCountry "SLO"]
[BlackTeamCountry "SLO"]

1. e4 e5 2. Nf3 Nc6 3. Bb5 a6 4. Ba4 d6 5. c4 Nf6 6. Nc3 Bd7 7. d4 exd4 8. Nxd4 Be7 9. Bc2 Nxd4 10. Qxd4 0-0 11. 0-0 Re8 12. Bf4 Bc6 13. Rad1 Ng4 14. h3 Bf6 15. Qd2 Ne5 16. b3 b5 17. cxb5 axb5 18. Bb1 Ng6 19. Nd5 Nxf4 20. Qxf4 Bxd5 21. exd5 g6 22. a4 Be5 23. Qb4 bxa4 24. bxa4 Qf6 25. Bd3 Bc3 26. Qb3 Ba5 27. Bb5 Rab8 28. Rd3 Re4 29. Re3 Qe5 30. Rxe4 Qxe4 31. Rd1 Bb6 32. Qc3 Qf4 33. Rd2 Qe5 34. Qc1 Kg7 35. Qd1 Qf4 36. Qc2 h5 37. Qc3+ Qf6 38. Qb4 Qa1+ 39. Kh2 Qe5+ 40. g3 Bc5 41. Qc4 Qf6 42. Kg2 h4 43. Qxh4 Qxh4 44. gxh4 Kf6 45. Bc6 Bb4 46. Rb2 Rb6 47. Re2 Rb8 48. Kg3 Ba5 49. Bb5 Rh8 50. Re8 Rxe8 51. Bxe8 Ke7 52. Bb5 Be1 53. Be2 Bd2 54. h5 Kf6 55. hxg6 fxg6 56. f4 g5 57. fxg5+ Kxg5 58. h4+ Kf6 59. Bb5 Ke5 60. Bc6 Kf5 61. Kf3 Ba5 62. h5 Kg5 63. Be8 Kf6 64. h6 Bd2 65. Ke2 Ba5 66. Kd3 Be1 67. Kc4 Bd2 68. h7 Kg7 69. Bg6 Be1 70. Kb5 Bc3 71. Bd3 Kf7 72. Kc6 1-0